Hospodársky rast a zamestnanosť v krajinách V4 bakalárska práca

Gespeichert in:
Bibliographische Detailangaben
1. Verfasser: Sokol, Michal
Körperschaft: Národohospodárska fakulta EU. Katedra hospodárskej politiky
Weitere Verfasser: Havettová, Miroslava
Format: Buch
Sprache:Slowakisch
Veröffentlicht: Bratislava 2013
Tags: Tag hinzufügen
Keine Tags, Fügen Sie das erste Tag hinzu!

MARC

LEADER 00000nbm a2200000 4500
001 0172511
005 20161109112057.6
041 0 |a slo 
044 |a SK 
245 1 0 |a Hospodársky rast a zamestnanosť v krajinách V4  |b bakalárska práca  |c Michal Sokol ; školiteľ: Miroslava Luchava Havettová 
264 1 |a Bratislava  |c 2013 
300 |a 41 s. 
100 1 |a Sokol, Michal 
700 1 |a Havettová, Miroslava 
710 2 |a Národohospodárska fakulta EU. Katedra hospodárskej politiky